SPACE Mice : (Record no. 8592)

MARC details
000 -LEADER
fixed length control field 00884nam a22002297a 4500
003 - CONTROL NUMBER IDENTIFIER
control field OSt
005 - DATE AND TIME OF LATEST TRANSACTION
control field 20260302083127.0
008 - FIXED-LENGTH DATA ELEMENTS--GENERAL INFORMATION
fixed length control field 260302b |||||||| |||| 00| 0 eng d
020 ## - INTERNATIONAL STANDARD BOOK NUMBER
International Standard Book Number 9781338088601
040 ## - CATALOGING SOURCE
Original cataloging agency DWCL GS lib
Transcribing agency OC
082 ## - DEWEY DECIMAL CLASSIFICATION NUMBER
Classification number Fic. S856m 2017
100 ## - MAIN ENTRY--PERSONAL NAME
Personal name Stilton, Geronimo
245 ## - TITLE STATEMENT
Title SPACE Mice :
Remainder of title PIRATE SPACECAT ATTACK /
Statement of responsibility, etc. Geronimo Stilton
260 ## - PUBLICATION, DISTRIBUTION, ETC.
Place of publication, distribution, etc. New York
Name of publisher, distributor, etc. Scholastic Inc.
Date of publication, distribution, etc. c2017.
300 ## - PHYSICAL DESCRIPTION
Extent vii, 114 pages:
Other physical details illustrations
Dimensions 21cm.
520 ## - SUMMARY, ETC.
Summary, etc. Geronimo Stiltonix takes MouseStar 1's broken computer to a distant planet to be repaired by a brilliant inventor, but pirate spacecats attack and steal the device, and the spacemice must retrieve it before the machine can be turned against them
546 ## - LANGUAGE NOTE
Language note English
650 ## - SUBJECT ADDED ENTRY--TOPICAL TERM
Topical term or geographic name entry element children's science fiction
650 ## - SUBJECT ADDED ENTRY--TOPICAL TERM
Topical term or geographic name entry element adventure
700 ## - ADDED ENTRY--PERSONAL NAME
Personal name Geronimo Stilton
942 ## - ADDED ENTRY ELEMENTS (KOHA)
Source of classification or shelving scheme Dewey Decimal Classification
Koha item type Fiction
Classification part Fic.
Suppress in OPAC No
952 ## - LOCATION AND ITEM INFORMATION (KOHA)
--
Holdings
Withdrawn status Lost status Source of classification or shelving scheme Damaged status Not for loan Home library Current library Shelving location Date acquired Source of acquisition Total Checkouts Full call number Barcode Date last seen Copy number Price effective from Koha item type Uniform Resource Identifier
    Dewey Decimal Classification     Grade School Library Grade School Library Fiction 03/02/2026 School Fund, Donation   Fic. S856m 2017 22940 03/02/2026 c1 03/02/2026 FIC.